004380000a220010900045001000022000002450106000223000038001287730047001669420008002139520090002219990017003111 aPolish, Daniel F.10aAspects of Esther : A phenomenological exploration of the Megillah of Esther and the origins of purim aNúm 85 (1999), Páginas 85-1060 tJournal for the Study of the Old Testament cANA 001040708HEMaFUSBCbFUSBCd2016-01-26l0o r2016-01-26 00:00:00w2016-01-26yANA c54756d54756